000 00713nam a2200217 a 4500
001 63365
005 20180714065748.0
008 150824s1989 xxua 000 0 spa d
020 _a978-0-06-250595-8
082 0 _a304.2
_bMER
100 1 _aMerchant, Carolyn
_eautor
245 1 0 _aThe death of nature :
_bwomen, ecology, and the scientific revolution /
_cCarolyn Merchant.
264 1 _aEstados Unidos Mexicanos :
_bHarper one :
_c1989
300 _a348 páginas : ;
_c21 cm.
336 _atexto
_2rdacontent
337 _asin mediación
_2rdamedia
338 _avolumen
_2rdacarrier
650 4 _aMujeres en la ciencia
650 4 _aFilosofía de la naturaleza
650 4 _Ecología humana
999 _c63365
_d63365